Nuestra diversidad e identidad cultural en las buenas prácticas docentes : (Record no. 23362)

000 -CABECERA
fixed length control field 01224nam a22002897i 4500
003 - IDENTIFICADOR DEL NÚMERO DE CONTROL
control field AR-CdUCM
008 - DATOS DE LONGITUD FIJA--INFORMACIÓN GENERAL
fixed length control field 250818b20192019 pe||||| |||| 00| 0 spa d
040 ## - FUENTE DE LA CATALOGACIÓN
Agencia/entidad que catalogó originalmente la obra MUNICIPALIDAD PROVINCIAL DEL CUSCO
Entidad que transcribió la catalogación BIBLIOTECA MUNICIPAL DEL CUSCO
082 ## - NÚMERO DE LA CLASIFICACIÓN DECIMAL DEWEY
No. de Clasificación 371.36 / Z47
Notacion interna Z47
100 ## - ENTRADA PRINCIPAL--NOMBRE DE PERSONA
Nombre Personal Zavala Herrera, Mauro
245 ## - MENCIÓN DE TÍTULO
Título Nuestra diversidad e identidad cultural en las buenas prácticas docentes :
Resto del título Apu Ausangate - Tinke
260 ## - PUBLICACIÓN, DISTRIBUCIÓN, ETC.
Lugar de publicación, distribución, etc. Urcos-Cusco :
Nombre de la editorial, distribuidor, etc. Autores-editores
Fecha de publicación, distribución, etc. 2019
300 ## - DESCRIPCIÓN FÍSICA
Nº de Páginas Extensión 92 páginas. :
Dimensiones 30x21 cm.
505 ## - NOTA DE CONTENIDO CON FORMATO
Nota de contenido formateada Los pasacalles escolares -- Fortalecimiento de los derechos sexuales en los estudiantes -- Los mitos en el proceso del aprendizaje -- Estrategias escolares municipales -- El habito por la lectura me ayuda a mejorar
650 ## - PUNTO DE ACCESO ADICIONAL DE MATERIA--TÉRMINO DE MATERIA
Descriptor Recuperación de valores
9 (RLIN) 51370
650 ## - PUNTO DE ACCESO ADICIONAL DE MATERIA--TÉRMINO DE MATERIA
Descriptor Derechos sexuales
9 (RLIN) 25104
650 ## - PUNTO DE ACCESO ADICIONAL DE MATERIA--TÉRMINO DE MATERIA
Descriptor Jornada escolar completa
9 (RLIN) 51371
650 ## - PUNTO DE ACCESO ADICIONAL DE MATERIA--TÉRMINO DE MATERIA
Descriptor Fotalecimiento de capacidades
9 (RLIN) 51372
650 ## - PUNTO DE ACCESO ADICIONAL DE MATERIA--TÉRMINO DE MATERIA
Descriptor Ajedrez
9 (RLIN) 3993
700 ## - PUNTO DE ACCESO ADICIONAL--NOMBRE DE PERSONA
Nombre Personal Sancho Oblitas, Fernando
9 (RLIN) 51373
700 ## - PUNTO DE ACCESO ADICIONAL--NOMBRE DE PERSONA
Nombre Personal Chalco Conza, Miguel
9 (RLIN) 51374
700 ## - PUNTO DE ACCESO ADICIONAL--NOMBRE DE PERSONA
Nombre Personal Pomalaza Cuba, Alex Fabio
9 (RLIN) 51375
700 ## - PUNTO DE ACCESO ADICIONAL--NOMBRE DE PERSONA
Nombre Personal Honor Barrios, Norma
9 (RLIN) 51376
942 ## - ELEMENTOS DE PUNTO DE ACCESO ADICIONAL (KOHA)
Fuente de clasificación
Tipo de item Libros-BMC
945 ## - PROCESAMIENTO DE INFORMACIÓN LOCAL (OCLC)
Catalogador pbjr
AAAA-MM-DD - Fecha de ingreso o modificacion 18-08-2025
Holdings
Estado de retiro (separado) Fuente de clasificación o esquema de estanterías Estado dañado Ubicación Sala donde se ubica Nombre de la colección Fecha de adquisición o compra Fuente de adquisición Costo, precio normal en soles Signatura topográfica Código de Barras Última vez visto (Koha) Tipo de ítem (Koha)
No     Sala Humanidades Sala Humanidades Book Cart 2025-08-18 Depósito legal 15.00 371.36 / Z467 SH0000016972 2025-08-18 Libros-BMC

Powered by Koha